Overseas Thai Population - Statistics

General Stats
  • This quiz has been taken 33 times
  • The average score is 12 of 16
Answer Stats
Hint Answer % Correct
22,275 Canada
97%
319,794 USA
97%
50,409 Japan
94%
45,000 UK
94%
81,850 Australia
91%
30,000 France
88%
115,000 Germany
88%
51,000 Malaysia
85%
185,389 South Korea
82%
24,000 Indonesia
76%
47,700 Singapore
76%
22,194 Norway
70%
44,339 Sweden
70%
64,922 Taiwan
67%
28,000 Israel
21%
24,600 Libya
0%
No matching quizzes found
Score Distribution
Percent of People with Each Score
Percentile by Number Answered
Your Score History
You have not taken this quiz